[Event "ICS rated blitz match"]
[Site "204.178.125.65"]
[Date "2001.10.05"]
[Round "?"]
[White "nyul"]
[Black "Hossa"]
[Result "0-1"]
[WhiteElo "2049"]
[BlackElo "2623"]
[PlyCount "76"]
[EventDate "2001.??.??"]

1. e4 e5 2. Nf3 Nc6 3. Bc4 Bc5 4. d3 Nf6 5. O-O d6 6. Be3 Bxe3 7. fxe3 Na5 8.
Bb3 Bd7 9. Nc3 Nxb3 10. axb3 O-O 11. Qe1 a6 12. Nh4 Ng4 13. Nf5 g6 14. Ng3 Qg5
15. Rf3 Bc6 16. Qe2 f5 17. Nd5 Qh4 18. h3 Bxd5 19. exd5 e4 20. Rf4 Qxg3 21.
hxg4 exd3 22. cxd3 Rae8 23. Re1 Qxf4 24. exf4 Rxe2 25. Rxe2 fxg4 26. Re7 Rf7
27. Re8+ Kg7 28. g3 g5 29. fxg5 Rf3 30. Kg2 Rxd3 31. Re7+ Kg6 32. Rxc7 Rxb3 33.
Rc2 Kxg5 34. Kh2 Kf5 35. Re2 b6 36. Kg1 Rxg3+ 37. Kh2 Rh3+ 38. Kg2 h5 {
nyul resigns} 0-1

[Event "ICS rated blitz match"]
[Site "204.178.125.65"]
[Date "2001.10.05"]
[Round "?"]
[White "Hossa"]
[Black "nyul"]
[Result "1-0"]
[WhiteElo "2624"]
[BlackElo "2048"]
[PlyCount "29"]
[EventDate "2001.??.??"]

1. e4 e5 2. Nf3 Nc6 3. Bb5 a6 4. Bxc6 dxc6 5. O-O Bg4 6. h3 h5 7. d3 Qf6 8.
Nbd2 Bc5 9. c3 Ne7 10. b4 Ba7 11. Bb2 O-O-O 12. Qc2 Qf4 13. d4 Bxh3 14. gxh3
Qg3+ 15. fxg3 {nyul resigns} 1-0

[Event "ICS rated standard match"]
[Site "204.178.125.65"]
[Date "2001.10.05"]
[Round "?"]
[White "BrazilianMaster"]
[Black "Hossa"]
[Result "1-0"]
[WhiteElo "2704"]
[BlackElo "2283"]
[PlyCount "119"]
[EventDate "2001.??.??"]

1. d4 Nf6 2. c4 e6 3. Nc3 Bb4 4. Qc2 d5 5. cxd5 exd5 6. Bg5 h6 7. Bh4 c5 8.
dxc5 Nc6 9. e3 g5 10. Bg3 Qa5 11. Nf3 Ne4 12. Nd2 Nxc3 13. bxc3 Bxc3 14. Rb1
Qxc5 15. Rb5 Qa3 16. Rb3 Bxd2+ 17. Qxd2 Qa5 18. Qxa5 Nxa5 19. Rb5 b6 20. h4
gxh4 21. Bxh4 Rg8 22. Rxd5 Be6 23. Rd6 Bxa2 24. Bb5+ Kf8 25. Rxh6 Bd5 26. Bf6
Rc8 27. Rh8 Rc1+ 28. Ke2 Rxh1 29. Rxh1 Rg6 30. Rh8+ Rg8 31. Rh4 Rg6 32. Rd4
Rxf6 33. Rxd5 Nb3 34. Rd8+ Kg7 35. Rd7 a5 36. f3 Nc5 37. Ra7 Rg6 38. g4 Kf8 39.
Bc4 Rg7 40. Rc7 Ke8 41. e4 Kf8 42. Ke3 Ke8 43. e5 Kf8 44. f4 Rh7 45. f5 Ke8 46.
e6 Rh3+ 47. Kf4 fxe6 48. fxe6 Nxe6+ 49. Bxe6 Rh1 50. Ke5 Kd8 51. Ra7 Ke8 52. g5
Rg1 53. Kf6 Kd8 54. g6 Rg2 55. g7 a4 56. Ke5 Ke8 57. Kd6 Rd2+ 58. Bd5 Rxd5+ 59.
Kxd5 b5 60. g8=Q# {Hossa checkmated} 1-0

[Event "ICS rated blitz match"]
[Site "204.178.125.65"]
[Date "2001.10.05"]
[Round "?"]
[White "Hossa"]
[Black "boski"]
[Result "1-0"]
[WhiteElo "2601"]
[BlackElo "2148"]
[PlyCount "44"]
[EventDate "2001.??.??"]

1. e4 d6 2. d4 Nf6 3. Bd3 g6 4. Nf3 Bg7 5. O-O O-O 6. Nc3 a6 7. Bg5 Bg4 8. Be2
Nc6 9. d5 Na7 10. h3 Bd7 11. e5 dxe5 12. Nxe5 Nb5 13. Bxb5 axb5 14. Re1 c5 15.
dxc6 Bxc6 16. Qxd8 Rfxd8 17. Nxc6 bxc6 18. Rxe7 Nd5 19. Rb7 Bxc3 20. Bxd8 Bxb2
21. Rb1 Rxa2 22. c4 Nc3 {boski resigns} 1-0

[Event "ICS rated blitz match"]
[Site "204.178.125.65"]
[Date "2001.10.05"]
[Round "?"]
[White "Positron"]
[Black "Hossa"]
[Result "0-1"]
[WhiteElo "2212"]
[BlackElo "2603"]
[PlyCount "29"]
[EventDate "2001.??.??"]

1. e4 e6 2. d4 d5 3. e5 c5 4. c3 Qb6 5. dxc5 Bxc5 6. Qc2 f6 7. exf6 Nxf6 8. Nf3
Ne4 9. Nd4 Bxd4 10. cxd4 Nc6 11. Be3 Bd7 12. Nc3 Nxd4 13. Bxd4 Qxd4 14. Nxe4
dxe4 15. Bc4 {Positron resigns} 0-1

[Event "ICS rated blitz match"]
[Site "204.178.125.65"]
[Date "2001.10.05"]
[Round "?"]
[White "Hossa"]
[Black "PostModernist"]
[Result "0-1"]
[WhiteElo "2606"]
[BlackElo "2741"]
[PlyCount "143"]
[EventDate "2001.??.??"]

1. e4 c5 2. Bc4 e6 3. Nf3 d6 4. O-O Be7 5. d3 Nf6 6. e5 dxe5 7. Nxe5 Nbd7 8.
Bf4 Nd5 9. Bxd5 exd5 10. Nxd7 Bxd7 11. Nc3 Bc6 12. Qh5 O-O 13. Rfe1 Re8 14. Be5
d4 15. Ne2 Bg5 16. Bc7 Qd5 17. Nf4 Bxf4 18. Qxd5 Bxh2+ 19. Kxh2 Bxd5 20. b3 h5
21. Kg3 Rac8 22. Bf4 f6 23. Bd2 g5 24. f3 h4+ 25. Kf2 b6 26. Rxe8+ Rxe8 27. Re1
Rxe1 28. Bxe1 f5 29. Bd2 f4 30. c3 Kf7 31. cxd4 cxd4 32. Bb4 a6 33. Bd6 Kf6 34.
Bb8 b5 35. Ba7 Ke5 36. Bb8+ Kf5 37. Ba7 g4 38. fxg4+ Kxg4 39. Bxd4 a5 40. Bf6
a4 41. bxa4 bxa4 42. a3 Bb7 43. Be7 Ba6 44. d4 Bb7 45. Bf6 h3 46. gxh3+ Kxh3
47. Be5 Kg4 48. Ke2 Kf5 49. Kd3 Bc6 50. Kc4 Ke4 51. Kc5 Bd7 52. Kd6 Bf5 53. Kc5
f3 54. Bg3 Ke3 55. d5 f2 56. Bxf2+ Kxf2 57. Kd4 Bd7 58. Ke4 Ke2 59. d6 Kd2 60.
Kd4 Kc1 61. Kd3 Kb2 62. Kd2 Kxa3 63. Kc3 Bf5 64. Kc4 Kb2 65. Kd4 a3 66. Ke5 a2
67. Kf6 a1=Q 68. Kxf5 Qe1 69. d7 Qe7 70. Kg4 Qxd7+ 71. Kf4 Qe6 72. Kg3 {
Hossa resigns} 0-1

[Event "ICS rated standard match"]
[Site "204.178.125.65"]
[Date "2001.10.05"]
[Round "?"]
[White "Hossa"]
[Black "BrazilianMaster"]
[Result "0-1"]
[WhiteElo "2280"]
[BlackElo "2707"]
[PlyCount "90"]
[EventDate "2001.??.??"]

1. e4 c5 2. Nf3 d6 3. Nc3 e6 4. g3 Nc6 5. Bg2 Nf6 6. O-O Be7 7. d3 a6 8. Be3
O-O 9. Ng5 d5 10. exd5 exd5 11. Bf4 h6 12. Nf3 d4 13. Ne2 Nd5 14. Re1 Nxf4 15.
Nxf4 g5 16. Ne2 Bg4 17. Nd2 Re8 18. Nc4 Rc8 19. Bxc6 bxc6 20. Rb1 Bf6 21. Qd2
Rc7 22. Nc1 Rce7 23. Rxe7 Rxe7 24. f4 Qe8 25. Nd6 Re1+ 26. Kf2 Rd1 27. Nxe8
Rxd2+ 28. Ke1 Rd1+ 29. Kf2 Be7 30. Nc7 gxf4 31. Ra1 Rd2+ 32. Kg1 fxg3 33. hxg3
Bg5 34. Kf1 Be3 35. Ne8 Bh3+ 36. Ke1 Rh2 37. Nf6+ Kg7 38. Nh5+ Kh7 39. Nf6+ Kg6
40. Ne2 Kxf6 41. Ng1 Rh1 42. Ke2 Bg4+ 43. Nf3 Rh2+ 44. Ke1 Bxf3 45. c3 Rh1# {
Hossa checkmated} 0-1

[Event "ICS rated blitz match"]
[Site "204.178.125.65"]
[Date "2001.10.05"]
[Round "?"]
[White "josechess"]
[Black "Hossa"]
[Result "1/2-1/2"]
[WhiteElo "2166"]
[BlackElo "2590"]
[PlyCount "123"]
[EventDate "2001.??.??"]

1. Nf3 Nf6 2. b3 d6 3. d4 g6 4. Bb2 Bg7 5. Nbd2 Bf5 6. g3 O-O 7. Bg2 d5 8. O-O
c6 9. Ne5 Nbd7 10. Nxd7 Qxd7 11. c4 Bh3 12. e3 b6 13. cxd5 Nxd5 14. Nf3 Bxg2
15. Kxg2 Qf5 16. Rc1 Rac8 17. Qc2 Qg4 18. h3 Qe6 19. Qb1 Nf6 20. Rfd1 Qd5 21.
Qd3 Ne4 22. Qc4 Qf5 23. Qe2 Rfd8 24. Nd2 Nxd2 25. Rxd2 Qd7 26. Rdc2 Rc7 27. Qf3
Rdc8 28. b4 Bh8 29. a3 Bg7 30. h4 f5 31. Ba1 e6 32. Bb2 Qd6 33. Ba1 a6 34. Bb2
Qd7 35. Qf4 Bf6 36. Qf3 Qd6 37. Qf4 Qd8 38. Qf3 Qe8 39. Qf4 Kh8 40. Qf3 Qd7 41.
Qf4 Qe7 42. Qf3 Qd6 43. Ba1 Qd7 44. Bb2 Bg7 45. Ba1 Qd6 46. Bb2 h6 47. Ba1 Kh7
48. Bb2 Qd7 49. Ba1 Kg8 50. Bb2 Bf6 51. Rh1 Qe7 52. Rhc1 Qd6 53. Rh1 Kh8 54.
Qf4 Qf8 55. Qf3 Qf7 56. Qe2 Ra7 57. Rhc1 Qe8 58. Qf3 Rac7 59. Qe2 Ra7 60. Qf3
Rac7 61. Qe2 Ra7 62. Qf3 {Game drawn by repetition} 1/2-1/2

[Event "ICS rated blitz match"]
[Site "204.178.125.65"]
[Date "2001.10.05"]
[Round "?"]
[White "Hossa"]
[Black "josechess"]
[Result "1-0"]
[WhiteElo "2577"]
[BlackElo "2179"]
[PlyCount "119"]
[EventDate "2001.??.??"]

1. e4 c6 2. d4 d5 3. exd5 cxd5 4. c3 g6 5. Bb5+ Bd7 6. Bd3 Nh6 7. Nf3 Qb6 8.
O-O Nc6 9. Re1 Bg7 10. Ng5 O-O 11. Qf3 Rad8 12. Qxd5 e5 13. Qc5 exd4 14. Qxb6
axb6 15. Bf4 Rde8 16. Rd1 Bf5 17. Bb5 Bxb1 18. Raxb1 dxc3 19. bxc3 Rd8 20. Ne4
Nf5 21. Rxd8 Rxd8 22. Bc7 Re8 23. Bd3 Nfe7 24. Bc4 Nc8 25. Bd5 Kf8 26. a3 h6
27. g4 f5 28. gxf5 gxf5 29. Ng3 Bxc3 30. Bf4 Re1+ 31. Rxe1 Bxe1 32. Bxh6+ Ke7
33. Nxf5+ Kf6 34. Ne3 N8e7 35. h4 Kg6 36. Bf8 Nxd5 37. Nxd5 b5 38. Kg2 Kf7 39.
Bb4 Bxb4 40. Nxb4 Na5 41. f4 Nc4 42. Nc2 Kf6 43. Kg3 Nd6 44. Nd4 Ne4+ 45. Kg4
Nd6 46. h5 b6 47. Kf3 Kg7 48. Kg3 Kf6 49. Kg4 b4 50. axb4 Nc4 51. Nc2 Nd6 52.
Ne3 b5 53. f5 Nf7 54. Kf4 Nd6 55. Ng4+ Kg7 56. Ke5 Nc4+ 57. Ke6 Nd2 58. f6+ Kf8
59. Ne5 Ne4 60. Nd7+ {josechess resigns} 1-0

[Event "ICS rated blitz match"]
[Site "204.178.125.65"]
[Date "2001.10.05"]
[Round "?"]
[White "josechess"]
[Black "Hossa"]
[Result "0-1"]
[WhiteElo "2176"]
[BlackElo "2580"]
[PlyCount "80"]
[EventDate "2001.??.??"]

1. Nf3 a6 2. g3 Nf6 3. Bg2 d5 4. d4 g6 5. O-O Bg7 6. Nbd2 O-O 7. c4 Nc6 8. b3
dxc4 9. Nxc4 Bf5 10. Bb2 Ne4 11. Nfd2 Ng5 12. h4 Nh3+ 13. Kh2 Qc8 14. Nf3 Rd8
15. e4 Bg4 16. d5 Bxb2 17. Nxb2 e6 18. Bxh3 Bxh3 19. Kxh3 exd5+ 20. Kg2 dxe4
21. Qe2 exf3+ 22. Qxf3 Nd4 23. Qe4 c5 24. Nc4 Qc7 25. Rfe1 a5 26. Rad1 b5 27.
Ne3 Qd6 28. Ng4 f5 29. Nh6+ Kg7 30. Nxf5+ gxf5 31. Qb7+ Kh6 32. f3 Rg8 33. g4
fxg4 34. Rxd4 gxf3+ 35. Kh1 cxd4 36. Re7 Rg1+ 37. Kxg1 Qg3+ 38. Kf1 Qg2+ 39.
Ke1 f2+ 40. Kd1 f1=Q+ {josechess resigns} 0-1

[Event "ICS rated blitz match"]
[Site "204.178.125.65"]
[Date "2001.10.05"]
[Round "?"]
[White "Hossa"]
[Black "TacticalFish"]
[Result "1-0"]
[WhiteElo "2587"]
[BlackElo "2004"]
[PlyCount "79"]
[EventDate "2001.??.??"]

1. e4 Nf6 2. Nc3 d5 3. exd5 Nxd5 4. Nxd5 Qxd5 5. d4 Nc6 6. Be3 Bf5 7. c4 Qd7 8.
Nf3 e6 9. c5 O-O-O 10. Bb5 Bg4 11. Ne5 Bxd1 12. Nxd7 Rxd7 13. Rxd1 a6 14. Bxc6
bxc6 15. Ke2 Be7 16. Rd3 Bf6 17. Kf3 Rhd8 18. Ke4 e5 19. Rhd1 exd4 20. Bxd4
Bxd4 21. Rxd4 Rxd4+ 22. Rxd4 Rxd4+ 23. Kxd4 Kd7 24. g4 f6 25. Kc4 Kc8 26. h4 g6
27. g5 fxg5 28. hxg5 a5 29. Kb3 Kb7 30. Ka4 Kb8 31. Kxa5 Ka7 32. a3 Kb8 33. Ka6
Ka8 34. a4 Kb8 35. b4 Ka8 36. b5 cxb5 37. axb5 Kb8 38. c6 Ka8 39. b6 cxb6 40.
c7 {TacticalFish resigns} 1-0

[Event "ICS rated standard match"]
[Site "204.178.125.65"]
[Date "2001.10.05"]
[Round "?"]
[White "Hossa"]
[Black "Tinker"]
[Result "1-0"]
[WhiteElo "2277"]
[BlackElo "2322"]
[PlyCount "77"]
[EventDate "2001.??.??"]

1. e4 c5 2. Nf3 d6 3. d4 cxd4 4. Nxd4 Nf6 5. Nc3 g6 6. Be3 Bg7 7. Qd2 Nc6 8.
O-O-O O-O 9. f3 d5 10. exd5 Nxd5 11. Nxc6 bxc6 12. Nxd5 cxd5 13. Qxd5 Qc7 14.
Qc5 Qb7 15. b3 Bf5 16. Bd3 Rac8 17. Qxa7 Bxd3 18. Rxd3 Qc6 19. c4 Ra8 20. Qb6
Qxb6 21. Bxb6 Rxa2 22. Rhd1 Rxg2 23. R1d2 Bh6 24. Be3 Bxe3 25. Rxe3 Rxd2 26.
Kxd2 Rd8+ 27. Kc3 Kf8 28. b4 e6 29. b5 Ke7 30. b6 Kd7 31. Rd3+ Ke8 32. c5 Rxd3+
33. Kxd3 Kd7 34. b7 Kc7 35. c6 e5 36. Kc4 f6 37. Kb5 f5 38. Ka6 e4 39. f4 {
Tinker resigns} 1-0

[Event "ICS rated standard match"]
[Site "204.178.125.65"]
[Date "2001.10.05"]
[Round "?"]
[White "Tinker"]
[Black "Hossa"]
[Result "0-1"]
[WhiteElo "2304"]
[BlackElo "2295"]
[PlyCount "120"]
[EventDate "2001.??.??"]

1. e4 c5 2. Nf3 d6 3. d4 cxd4 4. Nxd4 Nf6 5. Nc3 a6 6. Bg5 e6 7. f4 Qb6 8. Nb3
Be7 9. Qf3 Qc7 10. O-O-O Nbd7 11. Bd3 b5 12. Rhe1 Bb7 13. a3 Rc8 14. Na2 O-O
15. Kb1 e5 16. Re2 d5 17. Bxf6 Nxf6 18. exd5 Bxd5 19. Bxh7+ Kxh7 20. Rxd5 Nxd5
21. Qxd5 Kg8 22. fxe5 Rfd8 23. Qe4 Qc4 24. Nac1 Rd1 25. e6 Qxe4 26. Rxe4 Bd6
27. exf7+ Kxf7 28. h3 Rg1 29. Re2 Re8 30. Rd2 Re6 31. Ka2 Rg6 32. g4 Rh1 33.
Rd3 Rh6 34. g5 Rg6 35. Ne2 Be7 36. Rf3+ Kg8 37. Nbd4 Bxg5 38. Rg3 Kh7 39. Rd3
Bf6 40. Nf4 Rgg1 41. Nfe6 Bxd4 42. Nxd4 Rd1 43. Rxd1 Rxd1 44. Ne6 Rd6 45. Ng5+
Kg6 46. Ne4 Rd5 47. b4 Kf5 48. Nc5 Rd6 49. Kb3 g5 50. Nd3 Rh6 51. Nf2 Kf4 52.
a4 Kf3 53. Nd3 Rxh3 54. Kb2 bxa4 55. Ne5+ Ke4 56. Ng4 a3+ 57. Ka2 Kf5 58. Nf2
Rh2 59. Nd1 Rd2 60. Ne3+ Kf4 {Tinker resigns} 0-1

[Event "ICS rated standard match"]
[Site "204.178.125.65"]
[Date "2001.10.05"]
[Round "?"]
[White "Hossa"]
[Black "Tinker"]
[Result "0-1"]
[WhiteElo "2311"]
[BlackElo "2288"]
[PlyCount "119"]
[EventDate "2001.??.??"]

1. e4 c5 2. Nf3 d6 3. d4 cxd4 4. Nxd4 Nf6 5. Nc3 g6 6. Be3 Bg7 7. Qd2 Nc6 8.
O-O-O O-O 9. f3 d5 10. exd5 Nxd5 11. Nxc6 bxc6 12. Nxd5 cxd5 13. Qxd5 Qc7 14.
Qc5 Qb7 15. b3 Bf5 16. Bc4 Rac8 17. Qa3 a5 18. Bg5 a4 19. Qxa4 Ra8 20. Qb5 Qxb5
21. Bxb5 Rxa2 22. Kd2 Bxc2 23. Ke3 Ra5 24. Bxe7 Rb8 25. Rd7 Bf5 26. b4 Ra3+ 27.
Ke2 Bxd7 28. Bxd7 Ra2+ 29. Ke3 Rb7 30. Rd1 Ra1 31. Rxa1 Bxa1 32. Bc6 Rxe7+ 33.
Kd3 g5 34. b5 Be5 35. h3 Bc7 36. Be4 Rd7+ 37. Kc2 Bf4 38. Kc3 Rd1 39. b6 Rg1
40. g4 Rh1 41. Kd4 Rxh3 42. Kc5 h5 43. gxh5 Rxh5 44. Kd4 Kg7 45. b7 Rh3 46. Kc4
Bb8 47. Kd5 f5 48. Bxf5 Rxf3 49. Bg4 Rf4 50. Bh3 g4 51. Bg2 Kf6 52. Kc5 Rf2 53.
Bh1 g3 54. Be4 g2 55. Kc6 g1=Q 56. Bd3 Qc1+ 57. Kd5 Qc7 58. Bc2 Rd2+ 59. Bd3
Rxd3+ 60. Ke4 {Hossa resigns} 0-1

[Event "ICS rated blitz match"]
[Site "204.178.125.65"]
[Date "2001.10.05"]
[Round "?"]
[White "BrutalForce"]
[Black "Hossa"]
[Result "1-0"]
[WhiteElo "2547"]
[BlackElo "2588"]
[PlyCount "143"]
[EventDate "2001.??.??"]

1. Nf3 Nf6 2. d4 d5 3. Bf4 g6 4. e3 Bg7 5. Be2 Bf5 6. O-O O-O 7. c3 Nh5 8. Bg3
Nxg3 9. hxg3 Nc6 10. Nbd2 Qd7 11. b4 a5 12. b5 Na7 13. a4 Bf6 14. c4 c6 15. b6
Nc8 16. c5 Bg4 17. Nb3 Qf5 18. Qd2 Rd8 19. Nxa5 Rd7 20. Nb3 Bg7 21. a5 Bxf3 22.
Bxf3 e5 23. Be2 f6 24. a6 bxa6 25. Rxa6 Rxa6 26. Bxa6 Rd8 27. Bxc8 Rxc8 28. Ra1
Rf8 29. Na5 Qe6 30. Nb7 Rb8 31. Na5 Rf8 32. Nb3 Qf5 33. Qd1 Re8 34. Qb1 Qg4 35.
Qd3 Rf8 36. Ra7 Re8 37. Rc7 e4 38. Qd2 h5 39. Nc1 h4 40. Qe2 Qg5 41. gxh4 Qxh4
42. g3 Qh3 43. Nb3 Qh7 44. Na5 Kf8 45. Nxc6 g5 46. b7 f5 47. b8=Q Rxb8 48. Nxb8
Qg6 49. Qb5 Kg8 50. Qc6 Qxc6 51. Rxc6 Bf8 52. Rc8 Kf7 53. Nd7 Bg7 54. Ne5+ Bxe5
55. dxe5 Ke6 56. c6 f4 57. c7 Kd7 58. Rg8 Kxc7 59. gxf4 gxf4 60. exf4 d4 61.
Kf1 d3 62. Ke1 Kc6 63. Kd2 Kc5 64. Rd8 Kc6 65. e6 Kc5 66. e7 Kc6 67. e8=Q+ Kc7
68. Rd7+ Kb6 69. Qc8 Ka5 70. Rb7 e3+ 71. fxe3 Ka6 72. Qa8# {Hossa checkmated}
1-0

[Event "ICS Rated standard match"]
[Site "204.178.125.65"]
[Date "2001.10.05"]
[Round "?"]
[White "Hossa"]
[Black "ChesterX"]
[Result "0-1"]
[WhiteElo "2298"]
[BlackElo "2473"]
[PlyCount "111"]
[EventDate "2001.??.??"]

1. e4 e5 2. Nf3 Nc6 3. Bb5 a6 4. Ba4 Nf6 5. O-O Be7 6. Re1 b5 7. Bb3 O-O 8. c3
d6 9. h3 h6 10. d4 Re8 11. dxe5 dxe5 12. Qe2 Bd6 13. Be3 Na5 14. Bc2 Nc4 15.
Bc1 Bb7 16. a4 c6 17. Rd1 Qc7 18. b3 Nb6 19. Be3 Nbd7 20. Nbd2 Nh5 21. Nh4 Nf4
22. Bxf4 exf4 23. Ndf3 Rad8 24. Nf5 Bf8 25. b4 g6 26. N5h4 Bg7 27. Nd4 Nb6 28.
Nhf3 bxa4 29. Bxa4 Nxa4 30. Rxa4 c5 31. Qc4 Rc8 32. bxc5 Qxc5 33. Nd2 Red8 34.
Qe2 Qxc3 35. N2b3 Re8 36. Rc1 Qxc1+ 37. Nxc1 Rxc1+ 38. Kh2 Rxe4 39. Qxe4 Bxe4
40. Nb3 Rc3 41. Rxe4 Rxb3 42. Ra4 Be5 43. h4 f3+ 44. Kh3 fxg2+ 45. Kxg2 Rb6 46.
Re4 Rb5 47. Rc4 a5 48. Rc6 Kg7 49. Ra6 Bf6 50. Kg3 Rh5 51. f3 Bxh4+ 52. Kf4
Rf5+ 53. Ke3 Bg3 54. Rb6 h5 55. Rb7 h4 56. Rb3 {Hossa resigns} 0-1

[Event "ICS rated blitz match"]
[Site "204.178.125.65"]
[Date "2001.10.05"]
[Round "?"]
[White "ChesterX"]
[Black "Hossa"]
[Result "1-0"]
[WhiteElo "2772"]
[BlackElo "2570"]
[PlyCount "128"]
[EventDate "2001.??.??"]

1. d4 Nf6 2. Nf3 e6 3. Bg5 Be7 4. c4 h6 5. Bxf6 Bxf6 6. e4 d6 7. Be2 c5 8. e5
dxe5 9. dxe5 Qxd1+ 10. Bxd1 Be7 11. O-O Nc6 12. Nc3 O-O 13. Bc2 g5 14. Be4 Nd4
15. Rfd1 f5 16. exf6 Bxf6 17. Nd2 Be5 18. Na4 g4 19. g3 Ne2+ 20. Kf1 Nd4 21.
Nxc5 Rf7 22. Ndb3 Nxb3 23. Rd8+ Kg7 24. axb3 Bxb2 25. Ra2 Be5 26. Bxb7 Bxb7 27.
Nxb7 Rb8 28. Rxb8 Bxb8 29. Nd8 Rf3 30. b4 Kf6 31. Nc6 Be5 32. Rxa7 Rc3 33. Ra8
Rxc4 34. Rf8+ Kg7 35. Rf7+ Kg8 36. Nxe5 Re4 37. Nc6 Kxf7 38. b5 Ra4 39. b6 Ra1+
40. Ke2 Ra2+ 41. Ke3 h5 42. b7 Rb2 43. b8=Q Rxb8 44. Nxb8 Ke7 45. Kf4 Kf6 46.
Nc6 Kg6 47. Ke5 Kg5 48. Nd4 Kg6 49. f3 gxf3 50. Nxf3 Kf7 51. Ng5+ Kf8 52. Nxe6+
Kf7 53. h4 Kg6 54. Nf4+ Kg7 55. Nxh5+ Kg6 56. g4 Kf7 57. g5 Ke7 58. g6 Kd8 59.
g7 Kd7 60. g8=Q Kc6 61. Qc4+ Kb6 62. Kd6 Kb7 63. Qb5+ Kc8 64. Ng7 Kd8 {
Hossa resigns} 1-0

[Event "ICS rated blitz match"]
[Site "204.178.125.65"]
[Date "2001.10.05"]
[Round "?"]
[White "Hossa"]
[Black "Sjeng"]
[Result "1-0"]
[WhiteElo "2562"]
[BlackElo "2543"]
[PlyCount "131"]
[EventDate "2001.??.??"]

1. e4 c5 2. Nc3 d6 3. Nf3 e6 4. Bc4 Nc6 5. O-O Nf6 6. d3 Be7 7. Bd2 O-O 8. Qe2
Na5 9. Rfd1 Nxc4 10. dxc4 Qb6 11. Bg5 Qxb2 12. Nb5 a6 13. Rdb1 Qxb1+ 14. Rxb1
axb5 15. cxb5 Rxa2 16. e5 dxe5 17. Qc4 Ra3 18. Nxe5 Ra8 19. Bxf6 gxf6 20. Qh4
Kh8 21. Nd3 b6 22. Ne5 Bb7 23. Nd7 Rg8 24. g3 Rg6 25. Nxb6 Re8 26. Qf4 e5 27.
Qd2 Rd8 28. Qe2 Kg8 29. Ra1 Rd6 30. Nc4 Rd7 31. b6 Kh8 32. Ra7 Rg8 33. Na5 Bc8
34. b7 Bxb7 35. Rxb7 Rxb7 36. Nxb7 Rb8 37. Qg4 Bf8 38. Qd7 Kg7 39. Nd8 Rxd8 40.
Qxd8 h5 41. c4 Kg8 42. Qxf6 Bg7 43. Qd8+ Kh7 44. Qg5 Kg8 45. Qxh5 Kf8 46. Qg4
Kg8 47. h4 Kh7 48. Qf5+ Kg8 49. Qc8+ Kh7 50. h5 e4 51. Qxc5 Bc3 52. Qf5+ Kg7
53. Qg4+ Kh6 54. Qxe4 Kg7 55. h6+ Kxh6 56. Qe3+ Kg6 57. Qxc3 Kf5 58. Qe3 Kg6
59. f4 Kg7 60. Qe5+ Kf8 61. f5 f6 62. Qxf6+ Ke8 63. Qg7 Kd8 64. c5 Ke8 65. c6
Kd8 66. Qd7# {Sjeng checkmated} 1-0

[Event "ICS rated blitz match"]
[Site "204.178.125.65"]
[Date "2001.10.05"]
[Round "?"]
[White "Sjeng"]
[Black "Hossa"]
[Result "1-0"]
[WhiteElo "2528"]
[BlackElo "2577"]
[PlyCount "182"]
[EventDate "2001.??.??"]

1. d4 Nf6 2. c4 g6 3. Nc3 Bg7 4. e4 d6 5. Nf3 O-O 6. Be2 e5 7. O-O Nc6 8. d5
Ne7 9. Ne1 Nd7 10. Be3 f5 11. f3 f4 12. Bf2 g5 13. b4 a5 14. b5 b6 15. Qc2 Nf6
16. Nd3 g4 17. Be1 gxf3 18. Rxf3 Ng6 19. Nf2 Bd7 20. Bd2 Nh4 21. Rd3 Qe8 22. g3
fxg3 23. hxg3 Ng6 24. Rd1 Ne7 25. Qc1 Qg6 26. Bg5 h6 27. Bh4 Qh7 28. Qe3 Ng6
29. Bxf6 Bxf6 30. Bg4 Bxg4 31. Nxg4 Bg5 32. Qe2 h5 33. Nf2 Rf7 34. Nh3 Bf6 35.
Rf1 Raf8 36. Rf5 h4 37. Rh5 Qg7 38. Kh1 Bd8 39. Qg4 Rf1+ 40. Ng1 Be7 41. a4 Bd8
42. Nd1 Qf7 43. Rh6 Kg7 44. Qh5 Rh8 45. Rxh8 Nxh8 46. Qxf7+ Rxf7 47. Ne3 Ng6
48. Nf5+ Kf8 49. g4 Nf4 50. Re3 Rf6 51. Ne2 Rg6 52. Nxf4 exf4 53. Rf3 Rxg4 54.
Nd4 Ke8 55. Ne6 Bf6 56. Rxf4 Rxf4 57. Nxf4 Be5 58. Ne6 Kf7 59. Nxc7 Kf6 60. c5
dxc5 61. Na8 Bf4 62. Nxb6 Ke5 63. d6 Kxd6 64. Nc4+ Ke6 65. Kg2 Bc7 66. b6 Bd8
67. b7 Bc7 68. Kh3 Bb8 69. Kxh4 Kd7 70. Kg5 Bg3 71. e5 Bxe5 72. Nxe5+ Kc7 73.
b8=Q+ Kxb8 74. Kf5 Kc8 75. Ke4 Kb7 76. Kd5 Kb6 77. Nc4+ Ka7 78. Nxa5 Ka6 79.
Nc4 Ka7 80. Kxc5 Kb7 81. Kb5 Kc7 82. a5 Kb7 83. a6+ Ka7 84. Na3 Kb8 85. Kb6 Kc8
86. a7 Kd7 87. a8=Q Ke7 88. Qc6 Kf7 89. Nc2 Kg7 90. Nd4 Kh7 91. Nf5 Kh8 {
Hossa resigns} 1-0

[Event "ICS rated blitz match"]
[Site "204.178.125.65"]
[Date "2001.10.05"]
[Round "?"]
[White "Hossa"]
[Black "Sjeng"]
[Result "1-0"]
[WhiteElo "2559"]
[BlackElo "2546"]
[PlyCount "159"]
[EventDate "2001.??.??"]

1. e4 e5 2. Nf3 Nc6 3. d4 exd4 4. Nxd4 Nf6 5. Nc3 Bb4 6. Nxc6 bxc6 7. Bd2 O-O
8. Bd3 d5 9. O-O Bxc3 10. Bxc3 Nxe4 11. Bxe4 dxe4 12. Qh5 Re8 13. Rfd1 Qe7 14.
Bd4 a5 15. Rd2 f5 16. Rad1 Be6 17. Be3 Rab8 18. b3 Rf8 19. a4 c5 20. Bg5 Qe8
21. Qxe8 Rbxe8 22. Be3 c4 23. Bc5 Rf6 24. b4 axb4 25. Bxb4 f4 26. a5 e3 27. Rd8
Bf7 28. R1d4 Rfe6 29. Rxe8+ Rxe8 30. Rxf4 e2 31. Be1 Bd5 32. f3 Bb7 33. Rxc4
Re7 34. Kf2 Ba6 35. Rc5 Kf7 36. c4 g6 37. Bc3 Kf8 38. Ke1 Re6 39. Rxc7 Ke8 40.
Bd2 Kd8 41. Bf4 g5 42. Bg3 h6 43. c5 Bb5 44. Rb7 Bd3 45. Bd6 Bc4 46. Rb4 Bd3
47. Rb6 Kd7 48. c6+ Kxd6 49. c7+ Kxc7 50. Rxe6 h5 51. Kd2 Bc4 52. Re5 Kc6 53.
Rxg5 h4 54. Rg4 Bd3 55. Rxh4 Kc7 56. Rh6 Bc4 57. h4 Bb5 58. Re6 Bc4 59. Rxe2
Kc8 60. Re5 Kd7 61. Rg5 Ke7 62. h5 Kf6 63. f4 Ke6 64. h6 Kf6 65. h7 Ke7 66.
Rg7+ Bf7 67. Rxf7+ Kxf7 68. a6 Kg7 69. h8=Q+ Kxh8 70. a7 Kg8 71. a8=Q+ Kf7 72.
Qa7+ Kf6 73. Qd4+ Ke6 74. f5+ Ke7 75. Ke3 Kf7 76. Qd7+ Kf6 77. Qe6+ Kg7 78.
Qe7+ Kh6 79. g3 Kh5 80. Qh4# {Sjeng checkmated} 1-0

[Event "ICS rated blitz match"]
[Site "204.178.125.65"]
[Date "2001.10.05"]
[Round "?"]
[White "Sjeng"]
[Black "Hossa"]
[Result "1/2-1/2"]
[WhiteElo "2531"]
[BlackElo "2574"]
[PlyCount "140"]
[EventDate "2001.??.??"]

1. d4 b6 2. c4 e6 3. a3 Nf6 4. Nf3 Be7 5. Nc3 Bb7 6. d5 exd5 7. cxd5 O-O 8. e3
d6 9. Bc4 c6 10. O-O Qd7 11. Qd3 cxd5 12. Nxd5 Nxd5 13. Bxd5 Bxd5 14. Qxd5 Nc6
15. e4 Rac8 16. Bf4 Rfd8 17. Rfd1 Qg4 18. Rac1 Qxf4 19. Rxc6 Bf6 20. b3 g6 21.
a4 Kg7 22. Qc4 Qg4 23. Rc1 Rxc6 24. Qxc6 Qd7 25. Qxd7 Rxd7 26. g4 h6 27. h4 Re7
28. Re1 Rc7 29. Kg2 Rc3 30. Rb1 a6 31. h5 Be5 32. Nd2 b5 33. axb5 axb5 34. hxg6
fxg6 35. Nf3 h5 36. gxh5 gxh5 37. Rh1 Kh6 38. Rd1 Rxb3 39. Rd5 h4 40. Nxe5 dxe5
41. Rxe5 b4 42. f4 h3+ 43. Kh2 Rf3 44. Rb5 b3 45. Rf5 Kg6 46. Rg5+ Kf6 47. Rb5
Ke6 48. Rb6+ Kd7 49. f5 Kc7 50. Rb5 Kc6 51. Rb8 Kc5 52. e5 Kd5 53. e6 Kd6 54.
Rb5 Re3 55. Rb8 Rf3 56. Rb5 Re3 57. Rb7 Ke5 58. e7 Re2+ 59. Kxh3 Kxf5 60. Rb6
b2 61. Rxb2 Rxe7 62. Rb1 Kg5 63. Ra1 Kh5 64. Rb1 Kh6 65. Ra1 Kh7 66. Rb1 Kh8
67. Ra1 Kg8 68. Rb1 Kh8 69. Ra1 Kg8 70. Rb1 Kh8 {Game drawn by repetition}
1/2-1/2

[Event "ICS rated standard match"]
[Site "204.178.125.65"]
[Date "2001.10.05"]
[Round "?"]
[White "ChesterX"]
[Black "Hossa"]
[Result "1/2-1/2"]
[WhiteElo "2482"]
[BlackElo "2289"]
[PlyCount "138"]
[EventDate "2001.??.??"]

1. e4 c5 2. Nf3 d6 3. d4 cxd4 4. Nxd4 Nf6 5. Nc3 a6 6. Be3 e5 7. Nb3 Be6 8. f3
h5 9. Qd2 Nbd7 10. Be2 Be7 11. O-O h4 12. Bg5 h3 13. g3 O-O 14. Rad1 b5 15. a3
Qc7 16. g4 Rfd8 17. Be3 Nb6 18. g5 Nh5 19. f4 Nc4 20. Bxc4 Bxc4 21. Rf2 exf4
22. Bxf4 Qd7 23. Kh1 Bxb3 24. cxb3 Qe6 25. Be3 Rf8 26. Qe2 g6 27. Qd3 Rae8 28.
Qd5 Qxd5 29. Nxd5 Bd8 30. Nc3 Re6 31. Rf3 f5 32. exf5 Rxf5 33. Rxh3 a5 34. Rd5
Rxd5 35. Nxd5 Re5 36. Nc3 Bxg5 37. Bxg5 Rxg5 38. Rd3 Nf4 39. Rf3 Nh5 40. Rf2
Re5 41. b4 axb4 42. axb4 Rg5 43. Rg2 Rxg2 44. Kxg2 Kf7 45. Nxb5 Ke6 46. Kf3 d5
47. Nd4+ Kd6 48. h4 Ke5 49. Ne2 d4 50. b5 d3 51. Nc3 Ng7 52. b6 Kd6 53. Nd5 Kc6
54. Ne7+ Kxb6 55. Ke3 g5 56. hxg5 Kc5 57. Nc8 Kc6 58. Kd2 Kc7 59. Ne7 Kd6 60.
Ng6 Ne6 61. b4 Nxg5 62. Kxd3 Ne6 63. Kc4 Nc7 64. Nh8 Kc6 65. Nf7 Kb6 66. Nd6
Na6 67. b5 Nc7 68. Nc8+ Kb7 69. Kd4 Nxb5+ {
Game drawn because neither player has mating material} 1/2-1/2